| 000 | 00921nam a2200253Ia 4500 | ||
|---|---|---|---|
| 008 | 130821s2002 sp gr spa | ||
| 020 | _a8420636274 | ||
| 040 |
_aCo-BoUCM _bspa |
||
| 041 | 0 | 0 | _aspa |
| 100 | 1 |
_aWilde, Oscar _d1854-1900 _940163 |
|
| 245 | 1 | 3 |
_aEl fantasma de Canterville _cOscar Wilde; traducción de Julio Gómez de la Serna y E.P. Garduño |
| 260 |
_aBarcelona (España) _bAlianza Editorial _c2002 |
||
| 300 | _a173 páginas | ||
| 490 |
_aEl Libro de Bolsillo. _v8002 _aBiblioteca Temática Juvenil |
||
| 650 | 0 | 4 |
_aCuentos de terror _912268 |
| 650 | 0 | 4 |
_aCuentos ingleses _912291 |
| 650 | 0 | 4 |
_aHistorias de aventuras _916966 |
| 650 | 0 | 4 |
_aLiteratura europea _926524 |
| 650 | 0 | 4 |
_aLiteratura inglesa _9272 |
| 700 | 1 |
_aGarduño, E.P. _etrad. _9162455 |
|
| 700 | 1 |
_aGómez De La Serna, Julio _etrad. _9130609 |
|
| 942 |
_cLIBRO _a18 _e1 _mW671f _2DEWEY _h828.8 _n0 |
||
| 999 |
_c48304 _d48304 |
||